| Tag |
First Indicator |
Second Indicator |
Subfields |
| LEADER |
00000cas a2200000 a 4500 |
| 001 |
in00001673021 |
| 005 |
20151024123710.0 |
| 006 |
m d |
| 007 |
cr cnu-------- |
| 008 |
000106c19949999gw uu p s 0 0eng d |
| 010 |
|
|
|a 00227308
|
| 022 |
|
|
|a 1432-1858
|y 0946-7076
|
| 035 |
|
|
|a (OCoLC)ocm43185385
|
| 040 |
|
|
|a VPI
|c VPI
|d EYM
|d OCLCQ
|d UtOrBLW
|
| 042 |
|
|
|a lcd
|
| 049 |
|
|
|a TXAM
|
| 050 |
1 |
4 |
|a TK7874
|b .M4893 Electronic
|
| 130 |
0 |
|
|a Microsystem technologies (Online)
|
| 245 |
1 |
0 |
|a Microsystem technologies :
|b sensors, actuators, systems integration.
|
| 246 |
3 |
0 |
|a Sensors, actuators, systems integration
|
| 264 |
|
1 |
|a Berlin :
|b Springer.
|
| 336 |
|
|
|a text
|b txt
|2 rdacontent
|
| 337 |
|
|
|a computer
|b c
|2 rdamedia
|
| 338 |
|
|
|a online resource
|b cr
|2 rdacarrier
|
| 362 |
1 |
|
|a Print began with vol. 1, no. 1 (Oct. 1994).
|
| 500 |
|
|
|a Description based on: Volume 2, issue 2 (1996); title from journal home page (viewed Jan. 5, 2000).
|
| 500 |
|
|
|a Latest issue consulted: Volume 6, issue 5 (2000).
|
| 530 |
|
|
|a Online version of: Microsystem technologies.
|
| 538 |
|
|
|a Mode of access: World Wide Web.
|
| 500 |
|
|
|a Electronic resource.
|
| 650 |
|
0 |
|a Microelectronics
|v Periodicals.
|
| 650 |
|
0 |
|a Transducers
|v Periodicals.
|
| 650 |
|
0 |
|a Actuators
|v Periodicals.
|
| 776 |
1 |
|
|t Microsystem technologies
|x 0946-7076
|w (DLC) 97660016
|w (OCoLC)32219940
|
| 949 |
|
|
|a AM_DB_MFHD URL added
|b h
|c 2004/3/4
|d c
|e rstovall5
|f 7:48:45 am
|
| 994 |
|
|
|a E0
|b TXA
|
| 999 |
|
|
|a MARS
|
| 999 |
f |
f |
|s 1dc70a94-fac2-32fa-91d4-2b385853cf37
|i b5c93b1c-b9cc-3d89-bc98-ff2e590be3c8
|t 0
|
| 952 |
f |
f |
|a Texas A&M University
|b College Station
|c Electronic Resources
|d Available Online
|t 0
|e TK7874 .M4893
|g Electronic
|h Library of Congress classification
|
| 998 |
f |
f |
|a TK7874 .M4893
|t 0
|l Available Online
|